000 00480nam a2200097Ia 4500
008 180130s9999 xx 000 0 und d
245 _cOhana, Donny J.; Shashidhar, Narasimha
_aDo private and portable web browsers leave incriminating evidence?: a forensic analysis of residual artifacts from private and portable web browsing sessions
260 _c2016
300 _aBook title: Handbook of information security--Acession number C20533; pages 17-29
650 _aINFORMATION SECURITY
999 _c354088
_d354088